Tour de France 2015 riders - Statistics

General Stats
  • This quiz has been taken 22 times
  • The average score is 87 of 198
Answer Stats
Team # Country Rider % Correct
Sky 31 Chris Froome
93%
Tinkoff 41 Alberto Contador
87%
Astana 3 Jakob Fuglsang
87%
AG2R La Mondiale 11 Jean-Christophe Peraud
87%
Sky 35 Richie Porte
87%
AG2R La Mondiale 12 Romain Bardet
87%
Tinkoff 44 Roman Kreuziger
87%
FDJ 21 Thibaut Pinot
87%
Astana 1 Vincenzo Nibali
87%
Etixx-Quick Step 111 Michal Kwiatkowski
80%
Movistar 51 Nairo Quintana
80%
Tinkoff 47 Peter Sagan
80%
Europcar 121 Pierre Rolland
80%
Tinkoff 45 Rafal Majka
80%
Giant-Alpecin 85 Tom Dumoulin
80%
Movistar 59 Alejandro Valverde
73%
Trek Factory 141 Bauke Mollema
73%
Cannondale-Drapac 167 Daniel Martin
73%
Katusha 91 Joaquim Rodriguez
73%
Sky 33 Leopold Konig
73%
Sky 36 Nicolas Roche
73%
Etixx-Quick Step 118 Rigoberto Uran
73%
LottoNL-Jumbo 131 Robert Gesink
73%
BMC 66 Samuel Sanchez
73%
Astana 6 Tanel Kangert
73%
BMC 61 Tejay van Garderen
73%
Europcar 129 Thomas Voeckler
73%
Etixx-Quick Step 114 Tony Martin
73%
Orica-GreenEDGE 108 Adam Yates
67%
Lotto Soudal 75 Andre Greipel
67%
Trek Factory 147 Bob Jungels
67%
Europcar 122 Bryan Coquard
67%
Orica-GreenEDGE 104 Daryl Impey
67%
BMC 68 Greg Van Avermaet
67%
IAM Cycling 188 Jarlinson Pantano
67%
Astana 2 Lars Boom
67%
Etixx-Quick Step 112 Mark Cavendish
67%
BMC 67 Michael Schar
67%
Astana 8 Rein Taaramae
67%
Lampre-Merida 151 Rui Costa
67%
Orica-GreenEDGE 101 Simon Gerrans
67%
Orica-GreenEDGE 109 Simon Yates
67%
LottoNL-Jumbo 133 Steven Kruijswijk
67%
Lotto Soudal 71 Tony Gallopin
67%
Katusha 96 Alexander Kristoff
60%
Bretagne-Seche 201 Eduardo Sepulveda
60%
MTN-Qhubeka 211 Edvald Boasson Hagen
60%
Sky 39 Geraint Thomas
60%
Sky 38 Ian Stannard
60%
Giant-Alpecin 81 John Degenkolb
60%
Lotto Soudal 72 Lars Ytting Bak
60%
LottoNL-Jumbo 137 Laurens ten Dam
60%
Sky 37 Luke Rowe
60%
IAM Cycling 181 Mathias Frank
60%
Bora-Argon 18 193 Sam Bennett
60%
Giant-Alpecin 82 Warren Barguil
60%
Etixx-Quick Step 116 Zdenek Stybar
60%
Astana 4 Andrey Grivko
53%
FDJ 24 Arnaud Demare
53%
AG2R La Mondiale 15 Ben Gastauer
53%
Cofidis 173 Christophe Laporte
53%
AG2R La Mondiale 17 Christophe Riblon
53%
BMC 62 Damiano Caruso
53%
Cofidis 175 Daniel Navarro
53%
MTN-Qhubeka 219 Daniel Teklehaimanot
53%
Bora-Argon 18 194 Emmanuel Buchmann
53%
Trek Factory 143 Fabian Cancellara
53%
Katusha 92 Giampaolo Caruso
53%
Movistar 56 Jesus Herrada
53%
Astana 9 Lieuwe Westra
53%
FDJ 23 Sebastien Chavanel
53%
MTN-Qhubeka 212 Steve Cummings
53%
IAM Cycling 183 Sylvain Chavanel
53%
Sky 34 Wout Poels
53%
AG2R La Mondiale 19 Alexis Vuillermoz
47%
Tinkoff 43 Daniele Bennati
47%
Cannondale-Drapac 169 Dylan van Baarle
47%
Movistar 57 Gorka Izagirre
47%
Tinkoff 42 Ivan Basso
47%
MTN-Qhubeka 214 Jacques Janse van Rensburg
47%
AG2R La Mondiale 13 Jan Bakelants
47%
Etixx-Quick Step 117 Matteo Trentin
47%
FDJ 26 Matthieu Ladagnous
47%
Orica-GreenEDGE 105 Michael Matthews
47%
Tinkoff 46 Michael Rogers
47%
Astana 7 Michele Scarponi
47%
MTN-Qhubeka 215 Reinardt Janse van Rensburg
47%
Europcar 127 Romain Sicard
47%
Giant-Alpecin 86 Simon Geschke
47%
FDJ 22 William Bonnet
47%
Lotto Soudal 76 Adam Hansen
40%
Cannondale-Drapac 161 Andrew Talansky
40%
Europcar 123 Cyril Gautier
40%
BMC 64 Daniel Oss
40%
BMC 69 Danilo Wyss
40%
Trek Factory 149 Haimar Zubeldia
40%
Movistar 55 Imanol Erviti
40%
FDJ 28 Jeremy Roy
40%
Movistar 53 Jonathan Castroviejo
40%
Lotto Soudal 78 Marcel Sieberg
40%
IAM Cycling 189 Marcel Wyss
40%
Katusha 94 Marco Haller
40%
Orica-GreenEDGE 102 Michael Albasini
40%
Tinkoff 49 Michael Valgren
40%
Cofidis 171 Nacer Bouhanni
40%
Sky 32 Peter Kennaugh
40%
Cannondale-Drapac 168 Ramunas Navardauskas
40%
Cannondale-Drapac 164 Ryder Hesjedal
40%
Cannondale-Drapac 166 Sebastian Langeveld
40%
Lotto Soudal 73 Thomas De Gendt
40%
FDJ 25 Alexandre Geniez
33%
FDJ 29 Benoit Vaugrenard
33%
Astana 5 Dmitriy Gruzdev
33%
Bora-Argon 18 191 Dominik Nerz
33%
Lampre-Merida 157 Filippo Pozzato
33%
Bretagne-Seche 209 Florian Vachon
33%
Giant-Alpecin 87 Georg Preidler
33%
Bora-Argon 18 192 Jan Barta
33%
IAM Cycling 185 Jerome Coppel
33%
Cofidis 177 Julien Simon
33%
Giant-Alpecin 84 Koen de Kort
33%
Lampre-Merida 154 Kristijan Durasek
33%
MTN-Qhubeka 217 Louis Meintjes
33%
Cofidis 174 Luis Angel Mate
33%
Orica-GreenEDGE 103 Luke Durbridge
33%
Etixx-Quick Step 115 Mark Renshaw
33%
IAM Cycling 182 Matthias Brandle
33%
Lampre-Merida 155 Nelson Oliveira
33%
Cofidis 172 Nicolas Edet
33%
LottoNL-Jumbo 135 Paul Martens
33%
Bretagne-Seche 208 Pierre-Luc Perichon
33%
BMC 63 Rohan Dennis
33%
MTN-Qhubeka 218 Serge Pauwels
33%
Orica-GreenEDGE 106 Svein Tuft
33%
Katusha 98 Tiago Machado
33%
Lotto Soudal 79 Tim Wellens
33%
Movistar 52 Winner Anacona
33%
Katusha 97 Alberto Losada
27%
Giant-Alpecin 89 Albert Timmer
27%
Europcar 128 Angelo Tulik
27%
Bretagne-Seche 206 Armindo Fonseca
27%
Bora-Argon 18 196 Bartosz Huzarski
27%
Cofidis 176 Florian Senechal
27%
Lotto Soudal 77 Gregory Henderson
27%
Bora-Argon 18 197 Jose Mendes
27%
LottoNL-Jumbo 138 Jos van Emden
27%
Etixx-Quick Step 119 Julien Vermote
27%
Trek Factory 145 Laurent Didier
27%
Katusha 99 Luca Paolini
27%
Tinkoff 48 Matteo Tosatto
27%
AG2R La Mondiale 14 Mikael Cherel
27%
Orica-GreenEDGE 107 Pieter Weening
27%
Lampre-Merida 159 Rafael Valls
27%
Giant-Alpecin 88 Ramon Sinkeldam
27%
IAM Cycling 187 Reto Hollenstein
27%
Giant-Alpecin 83 Roy Curvers
27%
Lampre-Merida 156 Ruben Plaza
27%
FDJ 27 Steve Morabito
27%
LottoNL-Jumbo 132 Wilco Kelderman
27%
Europcar 124 Yohann Gene
27%
Bretagne-Seche 207 Arnaud Gerard
20%
LottoNL-Jumbo 136 Bram Tankink
20%
Bretagne-Seche 205 Brice Feillu
20%
Europcar 125 Bryan Nauleau
20%
AG2R La Mondiale 16 Damien Gaudin
20%
Lampre-Merida 153 Davide Cimolai
20%
Katusha 95 Dmitry Kozontchuk
20%
Bretagne-Seche 202 Frederic Brun
20%
Cofidis 178 Geoffrey Soupe
20%
Katusha 93 Jacopo Guarnieri
20%
AG2R La Mondiale 18 Johan Vansummeren
20%
Lampre-Merida 158 Jose Serpa
20%
Trek Factory 142 Julian Arredondo
20%
Cofidis 179 Kenneth Vanbilsen
20%
Cannondale-Drapac 165 Kristijan Koren
20%
BMC 65 Manuel Quinziato
20%
Trek Factory 146 Markel Irizar
20%
IAM Cycling 186 Martin Elmiger
20%
Lampre-Merida 152 Matteo Bono
20%
MTN-Qhubeka 216 Merhawi Kudus
20%
Etixx-Quick Step 113 Michal Golas
20%
Bora-Argon 18 199 Paul Voss
20%
Europcar 126 Perrig Quemeneur
20%
Bretagne-Seche 204 Pierrick Fedrigo
20%
IAM Cycling 184 Stef Clement
20%
Trek Factory 144 Stijn Devolder
20%
Movistar 58 Adriano Malori
13%
Movistar 54 Alex Dowsett
13%
Bora-Argon 18 198 Andreas Schillinger
13%
Bretagne-Seche 203 Anthony Delaplace
13%
Trek Factory 148 Gregory Rast
13%
Lotto Soudal 74 Jens Debusschere
13%
LottoNL-Jumbo 139 Sep Vanmarcke
13%
MTN-Qhubeka 213 Tyler Farrar
13%
Bora-Argon 18 195 Zak Dempster
13%
Cannondale-Drapac 162 Jack Bauer
7%
Cannondale-Drapac 163 Nathan Haas
7%
LottoNL-Jumbo 134 Tom Leezer
7%
No matching quizzes found
Score Distribution
Percent of People with Each Score
Percentile by Number Answered
Your Score History
You have not taken this quiz